|
|
|
|
| LEADER |
00825nam a22002292a 4500 |
| 001 |
000965993 |
| 003 |
CZ BrMZK |
| 005 |
20221004143235.0 |
| 007 |
ta |
| 008 |
090915s1925 gw er|||||||||||ger d |
| 040 |
|
|
|a BOA001
|b cze
|
| 100 |
1 |
|
|a Kraatz, Curt,
|d 1856-1925
|7 xx0120872
|4 aut
|
| 245 |
1 |
0 |
|a Polnische Wirtschaft :
|b Vaudeville-Posse in drei Akten mit Gesang /
|c von Kurt Kraatz und Georg Okonkowski ; Gesangtexte von Alfred Schönfeld ; Musik von Jean Gilbert
|
| 260 |
|
|
|a Berlin :
|b Kren,
|c 1925
|
| 300 |
|
|
|a 88 s.
|
| 700 |
1 |
|
|a Okonkowski, Georg,
|d 1865-1926
|7 mzk2012721903
|4 aut
|
| 700 |
1 |
|
|a Gilbert, Jean,
|d 1879-1942
|g jn20010602281
|4 cmp
|
| 910 |
|
|
|a BOA001
|b 1-0554.477
|
| 990 |
|
|
|a BK
|
| 993 |
|
|
|a Y
|
| 991 |
|
|
|b 200909
|
| 996 |
7 |
|
|b 2619462873
|c 1-0554.477
|l MZK
|r Sklad / do 1 hodiny
|n 0
|w 000965993
|u 000010
|a 1
|e BOA001
|j MZK50
|s A
|